02336nam a2200241 a 4500001001000000003000900010005001700019008004100036020001500077040002500092082002700117100003400144245010100178250001400279260005600293300003600349500007100385504003100456505144000487600003701927600005201964651007802016000021263DO-SdBNP20240927073747.0100903t2004 dr ac 001 0 spa d z9993432026 aDO-SdBNPbspacBNPHU a972.93053bR696t, 20041 aRodríguez León, Francisco10aTrujillo y Balaguer :bentre la espada y la palabra [1930-1962] /cFrancisco Rodríguez León. a[2ª ed.] aSanto Domingo :bNostrum :bLetra Gráfica,c2004. a725 p. :bil., retrs. ;c24 cm. aIncluye datos biográficos del autor en la solapa de la cubierta. aBibliografía : p.706-7180 gPrólogo --gPreludio --tOrígenes: el soldado --tOrígenes: el intelectual --tAntecedentes --gPrimera década (1930-1939) :tPrimer período (1930-1934): escenario político --tPrimer período (1930-1934): la economía --tGénesis de un cortesano --tSegundo período (1934-1938) --tUn holocausto tropical --tLa presidencia de papel: Jacinto B. Peynado (1938-1940) --gSegunda década (1940-1949) :tLa presidencia de cartón: Manuel de Js. Troncoso de La Concha (1940-1942) --tEl retorno del bárbaro --tLa dominicanización de la frontera --tEl exilio del cortesano (1940-1949) --gTercera década (1950-1959) :tEl regreso del cortesano --tEl Anselmato (1950-1954) --tApoteosis: la feria de las ilusiones --tEl delfín y el cortesano --tLa vicepresidencia del cortesano --tAsí habló el cortesano --gDesenlace (1960-1962) :tVorágine: la rebelión de un país --tVértigo: la presidencia del cortesano --tSoliloquio (I) --tEl cortesano y el "30 de mayo" --tFunerales de EstadotLos nuevos tiempos --tMalicia en el país de las maravillas --tLas cortinas del palacio no son de terciopelo azul --tLa insurrección de Santiago --tEl cortesano y el asesinato de los héroes del "30 de mayo" --tLa silla de alfileres --tInterregno --tUn consejo para el cortesano --gReflexiones --gSoliloquio (II) --gAnexo--gBibliografía principal --gBibliografía adicional --gDocumentos.10a Balaguer, Joaquín,d1906-200210aTrujillo Molina, Rafael Leónidas,d 1891-196114aRepública DominicanaxPolítica y gobiernoyEra de Trujillo, 1930-1961